Medical terminology for health professions /
Saved in:
| Main Author: | |
|---|---|
| Other Authors: | |
| Format: | Book |
| Language: | English |
| Edition: | 7th edition. |
| Subjects: | |
| Online Access: | Visit NHRC Library |
| Tags: |
Add Tag
No Tags, Be the first to tag this record!
|
| LEADER | 01276cam a2200337 i 4500 | ||
|---|---|---|---|
| 001 | 18281775 | ||
| 005 | 20220906184647.0 | ||
| 008 | 140827t20132013nyua p 001 0 eng | ||
| 010 | |a 2014395891 | ||
| 020 | |a 13:978-1-111-54328-0 | ||
| 020 | |a 10:1-111-54328-3 | ||
| 040 | |a DLC |b eng |c DLC |e rda | ||
| 042 | |a pcc | ||
| 050 | 0 | 0 | |a R123 |b .E47 2013 |
| 060 | |a WA 100 | ||
| 082 | 0 | 0 | |a 610.1/4 |
| 100 | 1 | |a Ehrlich, Ann, |d 1938- |9 3267 | |
| 245 | 1 | 0 | |a Medical terminology for health professions / |c Ann Ehrlich, Carol L. Schroeder. |
| 250 | |a 7th edition. | ||
| 300 | |a iv, 91 pages : | ||
| 500 | |a Includes CD-ROM. | ||
| 500 | |a Includes materials for flash cards. | ||
| 500 | |a Includes index. | ||
| 650 | 0 | |a Medicine |v Terminology |v Programmed instruction. |9 3268 | |
| 650 | 0 | |a Terminology |v Programmed Instruction. |9 3269 | |
| 700 | 1 | |a Schroeder, Carol L. |9 3270 | |
| 856 | |u http://nhrc.org.np/contact |y Visit NHRC Library | ||
| 942 | |2 NLM |c BK | ||
| 952 | |0 0 |1 0 |2 NLM |4 0 |6 WA_100_000000000000000_EHR_2013 |7 0 |9 2289 |a NHRC |b NHRC |c CART |d 2015-09-29 |l 0 |o WA 100/EHR/2013 |p 001908 |r 2015-09-29 |w 2015-09-29 |y BK | ||
| 952 | |0 0 |1 0 |2 NLM |4 0 |6 WA_100_000000000000000_EHR_2013 |7 0 |9 2290 |a NHRC |b NHRC |c CART |d 2015-10-04 |l 0 |o WA 100/EHR/2013 |p 001928 |r 2015-10-04 |w 2015-10-04 |y BK | ||
| 999 | |c 2204 |d 2204 | ||